Les Lunes nommées de Saturne - Statistiques

Statistiques générales
  • Ce quiz a été pris 44 fois
  • Le résultat moyen est 9 sur 63
Statistiques - réponses
Groupe Diamètre (km) Nom % Correct
Satellite Majeurs Externes 5151 Titan
90%
Satellite Majeurs Internes 504,2 Encelade
75%
Satellite Majeurs Internes 396,4 Mimas
55%
Satellite Majeurs Internes 1123,4 Dioné
50%
Satellite Majeurs Externes 266 Hypérion
50%
Satellite Majeurs Externes 1528,6 Rhéa
50%
Satellite Majeurs Internes 1066 Téthys
45%
Satellite Majeurs Externes 1471,2 Japet
35%
Bergers 28,4 Pan
25%
Groupe nordique 214,4 Phœbé
25%
Bergers 86,2 Prométhée
25%
Autre 113,4 Épiméthée
20%
Troyen de Dioné 2,6 Pollux
20%
Groupe nordique ≈ 18 Ymir
20%
Bergers 30,2 Atlas
15%
Groupe nordique ≈ 7 Bestla
15%
Bergers 7,8 Daphnis
15%
Groupe nordique ≈ 4 Fenrir
15%
Troyen de Dioné 33 Hélène
15%
Bergers 80,6 Pandore
15%
Groupe inuit ≈ 40 Siarnaq
15%
Troyen de Téthys 24,8 Télesto
15%
Alcyonides ≈ 2 Anthée
10%
Groupe nordique ≈ 6 Bergelmir
10%
Troyen de Téthys 21,2 Calypso
10%
Autre ≈ 0,5 Égéon
10%
Autre 179,2 Janus
10%
Groupe inuit 16 Kiviuq
10%
Alcyonides 3,2 Méthone
10%
Groupe nordique ≈ 7 Mundilfari
10%
Groupe nordique ≈ 7 Narvi
10%
Groupe inuit ≈ 22 Paaliaq
10%
Alcyonides 4,4 Pallène
10%
Groupe nordique ≈ 6 Skoll
10%
Groupe nordique ≈ 7 Suttungr
10%
Groupe gaulois ≈ 15 Tarvos
10%
Groupe nordique ≈ 7 Thrymr
10%
Groupe nordique ≈ 6 Ægir
5%
Groupe gaulois ≈ 32 Albiorix
5%
Groupe gaulois ≈ 6 Bebhionn
5%
Groupe gaulois ≈ 10 Erriapus
5%
Groupe nordique ≈ 5 Farbauti
5%
Groupe nordique ≈ 6 Fornjot
5%
Groupe nordique ≈ 6 Greip
5%
Groupe nordique ≈ 6 Hati
5%
Groupe nordique ≈ 8 Hyrrokkin
5%
Groupe nordique ≈ 6 Jarnsaxa
5%
Groupe nordique ≈ 7 Kari
5%
Groupe nordique ≈ 6 Loge
5%
Groupe nordique ≈ 8 Skathi
5%
Groupe nordique ≈ 4 Skrymir
5%
Groupe inuit ≈ 7 Tarqeq
5%
Groupe nordique ≈ 4 Alvaldi
0%
Groupe nordique ≈ 3 Angrboda
0%
Groupe nordique ≈ 3 Beli
0%
Groupe nordique ≈ 4 Eggther
0%
Groupe nordique ≈ 4 Geirröd
0%
Groupe nordique ≈ 3 Gerd
0%
Groupe nordique ≈ 4 Gridr
0%
Groupe nordique ≈ 4 Gunnlod
0%
Groupe inuit 12 Ijiraq
0%
Groupe nordique ≈ 6 Surtur
0%
Groupe nordique ≈ 4 Thiazzi
0%
Aucun quiz correspondant
Distribution des résultats
% des personnes avec chaque résultat
Percentile par nombre de réponses
Votre historique - résultats
Vous n’avez pas pris ce quiz